000 00624cam a22002293a 4500
001 12533
003 PGUSA
005 20140828083252.0
008 040601s2004||||xxu|||||s|||||000 1 eng d
040 _aPGUSA
_beng
042 _adc
050 4 _aPQ
100 1 _aVerne, Jules,
_d1828-1905
245 1 0 _aSans dessus dessous
_h[electronic resource] /
_cJules Verne
260 _bProject Gutenberg,
_c2004
506 _aPublic domain in the USA.
516 _aElectronic text
653 _aScience fiction, French
830 0 _aProject Gutenberg
_v12533
856 4 0 _uhttp://www.gutenberg.org/ebooks/12533
942 _cEB
999 _c241788
_d241788